भारतीय सामाजिक विकास और हिंदी उपन्यास (Record no. 1053720)

MARC details
000 -LEADER
fixed length control field 00743nam a2200181Ia 4500
008 - FIXED-LENGTH DATA ELEMENTS--GENERAL INFORMATION
fixed length control field 151018s9999 xx 000 0 und d
082 ## - DEWEY DECIMAL CLASSIFICATION NUMBER
Item number RBASDV60139
Classification number 801.95
100 ## - MAIN ENTRY--PERSONAL NAME
Personal name एस आर सिंह
245 ## - TITLE STATEMENT
Title भारतीय सामाजिक विकास और हिंदी उपन्यास
250 ## - EDITION STATEMENT
Remainder of edition statement 1
260 ## - PUBLICATION, DISTRIBUTION, ETC. (IMPRINT)
Name of publisher, distributor, etc अभिव्यक्ती
Date of publication, distribution, etc 2012
300 ## - PHYSICAL DESCRIPTION
Extent 160
600 ## - SUBJECT ADDED ENTRY--PERSONAL NAME
Personal name एस आर सिंह
630 ## - SUBJECT ADDED ENTRY--UNIFORM TITLE
Uniform title भारतीय सामाजिक विकास और हिंदी उपन्यास
700 ## - ADDED ENTRY--PERSONAL NAME
Personal name एस आर सिंह
730 ## - ADDED ENTRY--UNIFORM TITLE
Uniform title भारतीय सामाजिक विकास और हिंदी उपन्यास
942 ## - ADDED ENTRY ELEMENTS (KOHA)
Koha item type Book
Holdings
Withdrawn status Lost status Damaged status Not for loan Home library Current library Date acquired Cost, normal purchase price Total Checkouts Full call number Barcode Date last seen Cost, replacement price Price effective from Koha item type
        R.B. Anant Shivaji Desai Vachanalaya and Granthalaya, Kudal R.B. Anant Shivaji Desai Vachanalaya and Granthalaya, Kudal 07/07/2013 21.00   RBASDV60139 RBASDV60139 10/18/2015 21.00 10/18/2015 Book